<?xml version="1.0" encoding="UTF-8"?>
<record
    xmlns:xsi="http://www.w3.org/2001/XMLSchema-instance"
    xsi:schemaLocation="http://www.loc.gov/MARC21/slim http://www.loc.gov/standards/marcxml/schema/MARC21slim.xsd"
    xmlns="http://www.loc.gov/MARC21/slim">

  <leader>00486pam a2200169   4500</leader>
  <controlfield tag="001">4601</controlfield>
  <controlfield tag="005">20181127173753.0</controlfield>
  <controlfield tag="008">960403s1998    enk           000 0 eng</controlfield>
  <datafield tag="010" ind1=" " ind2=" ">
    <subfield code="a">   96014956</subfield>
  </datafield>
  <datafield tag="020" ind1=" " ind2=" ">
    <subfield code="a">0710305621 (alk. paper)</subfield>
  </datafield>
  <datafield tag="043" ind1=" " ind2=" ">
    <subfield code="a">a-ja---</subfield>
  </datafield>
  <datafield tag="245" ind1="1" ind2="4">
    <subfield code="a">The spirit of budo :</subfield>
    <subfield code="b">the history of Japan's martial arts.</subfield>
    <subfield code="c"></subfield>
  </datafield>
  <datafield tag="260" ind1=" " ind2=" ">
    <subfield code="a">Japan :</subfield>
    <subfield code="a"></subfield>
    <subfield code="b">Nippon Budokan Foundation,</subfield>
    <subfield code="c">2012.</subfield>
  </datafield>
  <datafield tag="300" ind1=" " ind2=" ">
    <subfield code="a">43 p. ;</subfield>
    <subfield code="c">21 cm.</subfield>
  </datafield>
  <datafield tag="650" ind1=" " ind2="0">
    <subfield code="a">Bushido.</subfield>
  </datafield>
  <datafield tag="650" ind1=" " ind2="0">
    <subfield code="a">Martial arts</subfield>
    <subfield code="z">Japan</subfield>
    <subfield code="x">Philosophy.</subfield>
  </datafield>
  <datafield tag="999" ind1=" " ind2=" ">
    <subfield code="c">3816</subfield>
    <subfield code="d">3816</subfield>
  </datafield>
  <datafield tag="952" ind1=" " ind2=" ">
    <subfield code="0">0</subfield>
    <subfield code="1">0</subfield>
    <subfield code="2">ddc</subfield>
    <subfield code="4">0</subfield>
    <subfield code="7">0</subfield>
    <subfield code="8">MAIN</subfield>
    <subfield code="a">RTCLIB</subfield>
    <subfield code="b">RTCLIB</subfield>
    <subfield code="c">MAIN</subfield>
    <subfield code="h"> </subfield>
    <subfield code="i">7311</subfield>
    <subfield code="l">0</subfield>
    <subfield code="o">796.8 NIP</subfield>
    <subfield code="p">30007387</subfield>
    <subfield code="r">2018-11-27 00:00:00</subfield>
    <subfield code="w">2018-11-27</subfield>
    <subfield code="y">MAIN</subfield>
  </datafield>
</record>
